Angelo Rules Characters Quiz - Statistics

General Stats
  • This quiz has been taken 77 times
  • The average score is 11 of 27
Answer Stats
Hint Answer % Correct
Protagonist Angelo
100%
^ His female friend with pink hair Lola
96%
^ His older brother Walter Manetti
77%
The protagonist's little brother Peter
75%
^ His intelligent friend Sherwood Forrest
75%
The protagonist's older sister Elena
66%
^ Her boyfriend Hunter
53%
^ His best friend Cooper Manetti
51%
Male teacher Mr. Owen J. Foot
51%
^ His niece and main antagonist Tracy Flickinger
43%
Male sports coach Coach Vladimir Zonka
40%
^ His crush, works for the school's newspaper Monica
40%
Is addicted to video games Ethan
38%
Clyde
32%
Three students from a higher class Alonzo
26%
^ Her best friend Candy
25%
The protagonist's old neighbor Geezer
25%
Brandy
23%
^ His brother Butterfingers
23%
Female arts teacher Ms. Perla
23%
A famous skateboarder Ollie Van Dunk
23%
Owns a cupcake shop Cathy
21%
A crazy artist with pink hair Damien Burst
21%
^ Her niece Gigi
15%
Works in the school's canteen Schmitty
13%
Eddy
11%
Duo of Brothers who form the band Slobber Alex
4%
No matching quizzes found
Score Distribution
Percent of People with Each Score
Percentile by Number Answered
Your Score History
You have not taken this quiz